[Event "GER-ch (Women)"]
[Site "Ostfildern"]
[Date "2023.08.20"]
[Round "9"]
[White "Zimmer, Elke"]
[Black "Braeuer, Vanessa"]
[Result "1-0"]
[WhiteElo "1878"]
[BlackElo "1866"]
[PlyCount "75"]
[EventDate "2023.08.14"]
[EventType "swiss"]
[EventRounds "9"]
[EventCountry "GER"]
[SourceTitle "CBM 215 Extra"]
[Source "ChessBase"]
[SourceDate "2023.09.30"]
[SourceVersion "1"]
[SourceVersionDate "2023.09.30"]
[SourceQuality "1"]

1. e4 c5 2. Nc3 e6 3. g3 d5 4. e5 d4 5. Ne4 Nc6 6. f4 b6 7. d3 Bb7 8. Bg2 Nh6 9. Qe2 Be7 10. Bd2 Qd7 11. Nf3 Nf5 12. a3 h6 13. h4 h5 14. Bh3 0-0-0 15. Rg1 Kb8 16. Nfg5 Rdf8 17. 0-0-0 f6 18. exf6 gxf6 19. Nf3 Re8 20. Qf2 Nd8 21. Rde1 Rhg8 22. Kb1 Qc6 23. Bc1 Rg7 24. Nfd2 Reg8 25. Nc4 Qd7 26. Ncd2 Ne3 27. Nf1 Ng4 28. Qe2 Nh6 29. Qxh5 Nf5 30. g4 Nf7 31. gxf5 Rxg1 32. fxe6 Qd8 33. exf7 Rh8 34. Qe2 f5 35. Ng5 Bf8 36. Qe8 Be7 37. Qxd8+ Bxd8 38. Re8 1-0

[Event "GER-ch (Women)"]
[Site "Ostfildern"]
[Date "2023.08.14"]
[Round "1"]
[White "Dolzhikova, Kateryna"]
[Black "Braeuer, Vanessa"]
[Result "1-0"]
[WhiteElo "2307"]
[BlackElo "1866"]
[PlyCount "49"]
[EventDate "2023.08.14"]
[EventType "swiss"]
[EventRounds "9"]
[EventCountry "GER"]
[SourceTitle "CBM 215 Extra"]
[Source "ChessBase"]
[SourceDate "2023.09.30"]
[SourceVersion "1"]
[SourceVersionDate "2023.09.30"]
[SourceQuality "1"]

1. e4 c5 2. Nc3 g6 3. d4 cxd4 4. Qxd4 Nf6 5. Be3 Nc6 6. Qd2 Ng4 7. Bf4 e5 8. Bg5 f6 9. Bh4 Qb6 10. h3 Bh6 11. Qd3 d5 12. Nxd5 Qxb2 13. Qc3 Qxc3+ 14. Nxc3 Be6 15. hxg4 0-0-0 16. Nf3 Nb4 17. Bd3 Nxd3+ 18. cxd3 g5 19. Bg3 Bf8 20. Rc1 Rxd3 21. Nd5+ Kb8 22. Nxf6 Bb4+ 23. Ke2 Rhd8 24. Bxe5+ Ka8 25. Bc7 1-0